Los lentes de Genero en la Justicia Internacional. Tendencias de la Jurisprudencia del Sistema Interamericano de Derechos Humanos relacionada a los Derechos de las Mujeres (Registro nro. 1752)

Detalles MARC
000 -LEADER
fixed length control field 00971nam a2200265 a 4500
003 - CONTROL NUMBER IDENTIFIER
control field OSt
005 - FECHA ULTIMA MODIFICACION
control field 20131004191214.0
008 - FIXED-LENGTH DATA ELEMENTS--GENERAL INFORMATION
fixed length control field 131004s2011 pe ||||| |||| 00| 0 spa d
020 ## - INTERNATIONAL STANDARD BOOK NUMBER
International Standard Book Number 978-612-45855-4-8
040 ## - CATALOGING SOURCE
Transcribing agency Biblioteca Medicina
041 ## - LANGUAGE CODE
Language code of text/sound track or separate title spa
082 ## - DEWEY DECIMAL CLASSIFICATION NUMBER
Item number VARIOS 0369
100 1# - MAIN ENTRY--PERSONAL NAME
Personal name Ramirez Huaroto, Beatriz
9 (RLIN) 2670
245 04 - TITLE STATEMENT
Title Los lentes de Genero en la Justicia Internacional. Tendencias de la Jurisprudencia del Sistema Interamericano de Derechos Humanos relacionada a los Derechos de las Mujeres
250 ## - EDITION STATEMENT
Edition statement 1º ed.
260 ## - PUBLICATION, DISTRIBUTION, ETC. (IMPRINT)
Place of publication, distribution, etc Lima
Name of publisher, distributor, etc Comite de America Latina y el Caribe para la Defensa de los Derechos de la Mujer (CLADEM)
Date of publication, distribution, etc 2011
300 ## - PHYSICAL DESCRIPTION
Extent 277 p.
653 ## - INDEX TERM--UNCONTROLLED
Uncontrolled term DERECHOS HUMANOS-MUJERES
653 ## - INDEX TERM--UNCONTROLLED
Uncontrolled term FEMINICIDIO
653 ## - INDEX TERM--UNCONTROLLED
Uncontrolled term ABORTO-DERECHOS
653 ## - INDEX TERM--UNCONTROLLED
Uncontrolled term DERECHOS REPRODUCTIVOS
856 ## - ELECTRONIC LOCATION AND ACCESS
Host name www.cladem.org
942 ## - ADDED ENTRY ELEMENTS (KOHA)
Source of classification or shelving scheme Dewey Decimal Classification
Koha item type Hemeroteca
Existencias
Withdrawn status Lost status Fuente de clasificación Damaged status Not for loan Colección Ubicación permanente Ubicación actual Sala de ubicación Fecha de adquisición Total Checkouts Número de clasificación Date last seen Número de ejemplar Price effective from Koha tipo de elemento (item)
    Dewey Decimal Classification     Non-fiction Biblioteca Medicina Biblioteca Medicina Circulación 04/10/2013   VARIOS 0369 06/11/2014 Ej. 1 04/10/2013 Hemeroteca

UNIVERSIDAD NACIONAL DEL COMAHUE
Biblioteca de la Facultad de Ciencias Médicas
Sede Toschi: Los Arrayanes y Av. Toschi, Cipolletti  - Rio Negro
Sede Los Tordos:  Yrigoyen al 2211, Cipolletti - Rio Negro 

Teléfono: 0299 - 4774707 int 25
Contacto: biblioteca@facimed.uncoma.edu.ar
© 2011 - 2026